Traité élémentaire de météorologie / (Record no. 155610)

MARC details
000 -LEADER
campo de control de longitud fija 00796nam a2200229 i 4500
001 - NÚMERO DE CONTROL
campo de control 155610
003 - IDENTIFICADOR DE NÚMERO DE CONTROL
campo de control ES-MaACL
005 - FECHA Y HORA DE LA ÚLTIMA TRANSACCIÓN
campo de control 20250721145132.0
008 - DATOS DE LONGITUD FIJA--INFORMACIÓN GENERAL
campo de control de longitud fija 011106s1883 be ab |||| | fre d
040 ## - FUENTE DE CATALOGACIÓN
Centro catalogador/agencia de origen CCPB | B
Lengua de catalogación spa
Centro/agencia transcriptor CCPB | B
100 1# - ENTRADA PRINCIPAL--NOMBRE DE PERSONA
Nombre de persona Houzeau, J.C.
9 (RLIN) 128046
245 10 - MENCIÓN DEL TÍTULO
Título Traité élémentaire de météorologie /
Mención de responsabilidad, etc. par J.-C. Houzeau et A. Lancaster.
250 ## - MENCION DE EDICION
Mención de edición 2e éd.
260 ## - PUBLICACIÓN, DISTRIBUCIÓN, ETC.
Lugar de publicación, distribución, etc. Mons :
Nombre del editor, distribuidor, etc. Hector Manceaux, imprimeur-éditeur,
Fecha de publicación, distribución, etc. 1883.
300 ## - DESCRIPCIÓN FÍSICA
Extensión 324 p., [2] h. de mapas pleg. :
Otras características físicas il. ;
Dimensiones 20 cm.
490 1# - MENCIÓN DE SERIE
Mención de serie Bibliothèque belge
650 #7 - PUNTO DE ACCESO ADICIONAL DE MATERIA--TÉRMINO DE MATERIA
Término de materia o nombre geográfico como elemento de entrada Meteorología
Fuente del encabezamiento o término embne
9 (RLIN) 15017
700 1# - ENTRADA AGREGADA--NOMBRE PERSONAL
Nombre de persona Lancaster, A.
Título de la obra Traité élémentaire de météorologie.
9 (RLIN) 128646
830 0# - PUNTO DE ACCESO ADICIONAL DE SERIE-TÍTULO UNIFORME
Título uniforme Bibliothèque belge
9 (RLIN) 221582
852 ## - LOCALIZACIÓN
Ubicación ES-MaACL
Número de control de estantería D-4701
Nota libre -- Rust.
Holdings
Estatus retirado Estado de pérdida Estado de daño No para préstamo Colección Biblioteca de origen Biblioteca actual Ubicación en estantería Fecha de adquisición Fuente de adquisición Total de préstamos Signatura topográfica completa Código de barras Visto por última vez Precio de reemplazo Tipo de ítem Koha
        Libros del s. XIX Biblioteca del Ateneo de Madrid Biblioteca del Ateneo de Madrid Sala Valle Inclán 17/01/2008     D-4701 901162771 23/02/2023 23/02/2023 Libro impreso antiguo